Top 15 : Monuments les plus visités au monde - Statistiques

Statistiques générales
  • Ce quiz a été pris 297 fois
  • Le résultat moyen est 4 sur 15
Statistiques - réponses
Pays Réponse % Correct
France Tour Eiffel
98%
Etats-Unis Statue de la Liberté
58%
Italie Colisée
56%
Inde Taj Mahal
55%
Grèce Parthénon
42%
Espagne Sagrada Familia
32%
Chine Cité interdite
28%
France Versailles
18%
Taiwan Musée national du Palais
7%
Etats-Unis Mémorial de Lincoln
2%
Etats-Unis Mémorial de la Seconde Guerre Mondiale
0%
Etats-Unis Mémorial des vétérans du Vietnam
0%
Russie Palais Catherine
0%
Russie Palais de Peterhof
0%
Etats-Unis Parc national historique de l'indépendance
0%
Aucun quiz correspondant
Distribution des résultats
% des personnes avec chaque résultat
Percentile par nombre de réponses
Votre historique - résultats
Vous n’avez pas pris ce quiz